Revue Franȧise du Marketing

Bibliographic Details
Format: Journal
Language:French
Published: Paris La Defense : ADETEM, 1964-
Subjects:
Online Access:http://www.vlex.com/source/7249

MARC

LEADER 00000nas a22000007a 4500
005 20130322122619.0
007 cr|||| ||||
008 130322c19649999fr tr|p s|||| 0|||b1fre d
022 |a 353051  
035 |a 7249 
040 |a vLex 
090 |c 3995  |d 3995 
245 0 0 |a Revue Franȧise du Marketing  |h [Recurso electrn̤ico]  
256 |a Servicio en ln̕ea 
260 |a Paris La Defense :  |b ADETEM,   |c 1964- 
300 |a 1 Recurso electrn̤ico 
506 |d vLex Global  |d vLex Global (Academic Edition, excluding Law Schools)  |d vLex Global (U.S. Academic Edition, Law Schools)  |d vLex Global (U.S. Academic Edition, excluding Law Schools)  |d vLex Global (Academic Edition, Law Schools) 
650 0 4 |a Administracin̤ (Management)  |v Revistas  |z Francia 
650 0 4 |a Marketing  |v Revistas  |z Francia 
650 0 4 |a Comercio  |v Revistas  |z Francia 
740 |a vLex Revistas (Servicio en ln̕ea) 
856 |a Acceso restringido  |u http://www.vlex.com/source/7249 
942 |c REV 
999 0 |a Marketing